| 000 | 01149cam a2200301 i 4500 | ||
|---|---|---|---|
| 999 |
_c200449951 _d68163 |
||
| 003 | TR-AnTOB | ||
| 005 | 20221220104345.0 | ||
| 007 | ta | ||
| 008 | 220428s2020 tu d b 000 0 tur u | ||
| 020 |
_a9786050505870 _q(paperback) |
||
| 040 |
_aB9K _beng _erda _cB9K _dTR-AnTOB |
||
| 041 | 0 | _atur | |
| 043 | _aa-tu--- | ||
| 050 | 1 | 4 |
_aKKX1768 _b.A7754 2020 |
| 090 |
_aKKX1768 _b.A7754 2020 |
||
| 100 | 1 |
_aArslan Çelik, Begüm Birsen _eauthor _9139773 |
|
| 245 | 1 | 0 |
_aArabulucuların kültürel özelliklerinin, çatışmaları çözümleme yöntemleri üzerindeki etkisi : _bTürkiye'de hizmet veren arabulucular üzerine bir araştırma / _cDr. Begüm Birsen Arslan Çelik. |
| 246 | 3 | 0 | _aTürkiye'de hizmet veren arabulucular üzerine bir araştırma |
| 264 | 1 |
_aAnkara : _bYetkin Yayınları, _c2020. |
|
| 300 |
_a223 pages : _bcharts ; _c24 cm |
||
| 336 |
_atext _2rdacontent _btxt |
||
| 337 |
_aunmediated _2rdamedia _bn |
||
| 338 |
_avolume _2rdacarrier _bnc |
||
| 650 | 7 |
_aArabuluculuk _zTürkiye _2etuturkob _9127546 |
|
| 650 | 7 |
_aUyuşmazlık çözümü (Hukuk) _zTürkiye _2etuturkob _993205 |
|
| 942 |
_2lcc _cBK |
||